000 00679nam a2200217 4500
001 117130
003 ES-MaACL
005 20230906190832.0
007 t|
008 070301s1952 mx r ||||1| spa d
100 1 _aPaz, Juan Carlos.
_989750
245 1 3 _aLa música en los Estados Unidos /
_cpor Juan Carlos Paz.
250 _a1ª ed.
260 _aMéxico :
_bFondo de Cultura Económica,
_c1952.
300 _a215 p. ;
_c18 cm.
490 1 _aBreviarios del Fondo de Cultura Económica ;
_v68
650 4 _aMúsica norteamericana.
_9160046
830 1 _aBreviarios del Fondo de Cultura Económica ;
_v68
_9179682
852 _aES-MaACL
_jE-8706
999 _c117130
_d117130